000 00732nas a2200265 4500
001 BR2013001036
003 BR-BrBNA
005 20231205121910.0
007 ta
008 230509b bl.|||p| |||| 00| 00por d
040 _aBR-BrBNA
_bpor
_cBiblioteca Nacional de Agricultura
041 _a(Pt)
072 _aS01; Q03
100 1 _aTroccoli, I.R.
245 1 _aTradição confirmada
650 _aEUA
650 _aINSTITUIÇÃO DE PESQUISA
650 _aCOMUNICAÇÃO
650 _aCONSUMO ALIMENTAR
650 _aCAFÉ
650 _aSAÚDE PÚBLICA
773 0 _tAgroanálysis (Brazil)
_xISSN 0100-4298
_g(Oct 2008), v. 28(10) p. 36
_wBR2013001036
909 _a202311
_bLúcia
_c55
_dLúcia Elande
942 _2AGRIS
_n0
_cANA
999 _c225830
_d225830